000 00879nam a2200229Ia 4500
001 19493
003 GE_BSU
008 181216s||||||||xx |||||||||||||| ||und||
040 _cGE_BSU
080 _a81'374(038)=353.1
100 _aღლონტი, ალექსანდრე
245 _aქართველური საკუთარი სახელები : ანთროპონიმთა ლექსიკონი.
245 _cრედ:ირ.არაბული
260 _aთბილისი
260 _bსაბჭოთა საქართველო
260 _c1967
300 _a230გვ, 22სმ.
541 _h1ლ.10თ.
653 _aანთროპონიმთა ლექსიკონი
653 _aქართველური საკუთარი სახელები
942 _cBK
999 _c52470
_d52470